Equipos de la Serie A Italiana - Estadísticas

Estadísticas generales
  • Esta prueba ha sido intentada 1.994 veces
    1.454 desde el último reinicio
  • La puntuación promedio es 27 de 69
Estadísticas de respuestas
Equipo % Correcto
Inter
98%
Milan
98%
Juventus
97%
Roma
94%
Napoli
92%
Lazio
88%
Fiorentina
84%
Torino
82%
Atalanta
78%
Parma
73%
Palermo
70%
Venezia
70%
Genoa
69%
Udinese
68%
Cagliari
67%
Bolonia
66%
Verona
65%
Sampdoria
64%
Sassuolo
64%
Como
58%
Lecce
58%
Salernitana
55%
Bari
54%
Empoli
54%
Monza
53%
Pisa
47%
Brescia
41%
Chievo Verona
41%
Cremonese
40%
Frosinone
40%
Spezia
38%
Catania
35%
Pescara
32%
Modena
30%
Benevento
29%
Ascoli
28%
SPAL
27%
Livorno
26%
Cesena
23%
Siena
23%
Padova
22%
Crotone
21%
Perugia
21%
Reggina
19%
Vicenza
18%
Catanzaro
17%
Novara
17%
Ancona
14%
Carpi
14%
Pro Vercelli
14%
Reggiana
14%
Ternana
14%
Avellino
13%
Mantova
13%
Messina
13%
Foggia
12%
Piacenza
12%
Triestina
11%
Alessandria
9%
Lecco
9%
Varese
7%
Liguria
6%
Pro Patria
6%
Casale
5%
Treviso
5%
Lucchese
4%
Legnano
3%
Pistoiese
3%
Sampierdarenese
2%
No se encontraron pruebas coincidentes
Distribución de puntuación
Porcentaje de gente con cada puntuación
Porcentaje por número respondido
Historial de tus puntuaciones
No has intentado esta prueba desde el último reinicio